Tư tưởng Hồ Chí Minh về giáo dục

Spremljeno u:
Bibliografski detalji
Glavni autor: Lê, Văn Yên
Format: Knjiga
Jezik:Undetermined
Izdano: Hà Nội Lao động 2006
Teme:
Oznake: Dodaj oznaku
Bez oznaka, Budi prvi tko označuje ovaj zapis!
Thư viện lưu trữ: Trung tâm Học liệu Trường Đại học Cần Thơ
LEADER 00587nam a2200205Ia 4500
001 CTU_116430
008 210402s9999 xx 000 0 und d
020 |c 248000 
082 |a 335.4346 
082 |b Y254 
100 |a Lê, Văn Yên 
245 0 |a Tư tưởng Hồ Chí Minh về giáo dục 
245 0 |c Lê Văn Yên chủ biên, ... [et al.] 
260 |a Hà Nội 
260 |b Lao động 
260 |c 2006 
650 |a Communists,Ho Chi Minh 
650 |z Vietnam 
904 |i Bằng 
980 |a Trung tâm Học liệu Trường Đại học Cần Thơ